Entry Personal Name
Number of records used in: 1
001 - CONTROL NUMBER
003 - CONTROL NUMBER IDENTIFIER
005 - DATE AND TIME OF LATEST TRANSACTION
- control field:
20231102153553.0
008 - FIXED-LENGTH DATA ELEMENTS
- fixed length control field:
891012n| acannaabn |b aaa
010 ## - LIBRARY OF CONGRESS CONTROL NUMBER
- LC control number:
n 88292355
035 ## - SYSTEM CONTROL NUMBER
- System control number:
(OCoLC)oca02615199
040 ## - CATALOGING SOURCE
- Original cataloging agency:
DLC
- Language of cataloging:
eng
- Transcribing agency:
DLC
- Modifying agency:
OCoLC
100 0# - HEADING--PERSONAL NAME
- Personal name:
Ṣadruddīn Iṣlāḥī
400 1# - SEE FROM TRACING--PERSONAL NAME
- Personal name:
Iṣlāḥī, Ṣadruddīn
400 0# - SEE FROM TRACING--PERSONAL NAME
- Personal name:
إصلاحي، صدر الدين
670 ## - SOURCE DATA FOUND
- Source citation:
His Building up the foundations of faith, 1988:
- Information found:
t.p. (Sadruddin Islahi)
670 ## - SOURCE DATA FOUND
- Source citation:
LC data base, 10/10/89
- Information found:
(hdg.: Ṣadruddīn Iṣlāḥī; usage: Ṣadruddīn Iṣlāḥī)